000 00301nam a2200109Ia 4500
008 200302s9999 xx 000 0 und d
100 _aSumet Jumsai
245 _aNaga Cultural Origins in Siam and the West Pacific Sumet Jumsai
260 _bBangkok Chalermnit Press
260 _c1997
300 _a183 P.,
999 _c2404
_d2404